| 000 | 00648nam a22001935i 4500 | ||
|---|---|---|---|
| 001 | 157656 | ||
| 003 | ES-MaACL | ||
| 005 | 20230906210810.0 | ||
| 008 | 040906s1868 gw |||| | ger d | ||
| 040 |
_aCAM _bspa _cCAM |
||
| 100 | 1 |
_aLever, Charles. _9128919 |
|
| 245 | 1 | 4 |
_aThe bramleighs of bishop's folly / _cby Charles Lever. |
| 260 |
_aLeipzig : _bBernhard Tauchnitz, _c1868. |
||
| 300 |
_a2 v. (366; 362 p.) ; _c16 cm. |
||
| 490 | 1 |
_aCollection of British Authors ; _v987; 988 |
|
| 830 | 0 |
_aCollection of British Authors ; _v987; 988 _9180703 |
|
| 852 |
_aES-MaACL _jG-12638 _z-- Enc. hol. _z-- Enc. 2 t. en 1 v. |
||
| 999 |
_c157656 _d157656 |
||